<?xml version="1.0" encoding="UTF-8"?>
<record
    xmlns:xsi="http://www.w3.org/2001/XMLSchema-instance"
    xsi:schemaLocation="http://www.loc.gov/MARC21/slim http://www.loc.gov/standards/marcxml/schema/MARC21slim.xsd"
    xmlns="http://www.loc.gov/MARC21/slim">

  <leader>08484cam a22012137  4500</leader>
  <controlfield tag="001">10208963</controlfield>
  <controlfield tag="003">LIBRIS</controlfield>
  <controlfield tag="005">20251215153920.0</controlfield>
  <controlfield tag="007">cr |||   |||||         </controlfield>
  <controlfield tag="008">060829s2002    xxua||||ob||||001 0|eng|c</controlfield>
  <datafield tag="020" ind1=" " ind2=" ">
    <subfield code="a">9780125249751</subfield>
  </datafield>
  <datafield tag="035" ind1=" " ind2=" ">
    <subfield code="a">(WaSeSS)ssj0000199006</subfield>
  </datafield>
  <datafield tag="035" ind1=" " ind2=" ">
    <subfield code="a">(ALMA)991000789732105936</subfield>
  </datafield>
  <datafield tag="035" ind1=" " ind2=" ">
    <subfield code="a">(ALMA)993444358303662</subfield>
  </datafield>
  <datafield tag="035" ind1=" " ind2=" ">
    <subfield code="a">(ALMA)998217519303831</subfield>
  </datafield>
  <datafield tag="035" ind1=" " ind2=" ">
    <subfield code="a">(EBZ)ebs352658e</subfield>
  </datafield>
  <datafield tag="035" ind1=" " ind2=" ">
    <subfield code="a">(EBZ)ebs352658e</subfield>
  </datafield>
  <datafield tag="035" ind1=" " ind2=" ">
    <subfield code="a">(EBZ)ebs352658e</subfield>
  </datafield>
  <datafield tag="035" ind1=" " ind2=" ">
    <subfield code="a">(ALMA)991000944295803211</subfield>
  </datafield>
  <datafield tag="035" ind1=" " ind2=" ">
    <subfield code="a">(ALMA)999330187203663</subfield>
  </datafield>
  <datafield tag="035" ind1=" " ind2=" ">
    <subfield code="a">(EBZ)ebs352658e</subfield>
  </datafield>
  <datafield tag="035" ind1=" " ind2=" ">
    <subfield code="a">(ALMA)99348392202456</subfield>
  </datafield>
  <datafield tag="040" ind1=" " ind2=" ">
    <subfield code="a">EEICP</subfield>
    <subfield code="c">EEICP</subfield>
    <subfield code="d">RIT</subfield>
  </datafield>
  <datafield tag="041" ind1=" " ind2=" ">
    <subfield code="a">eng</subfield>
  </datafield>
  <datafield tag="050" ind1=" " ind2="4">
    <subfield code="a">TA418.9.T45</subfield>
  </datafield>
  <datafield tag="082" ind1="0" ind2="4">
    <subfield code="a">621.38152 O42 2002</subfield>
    <subfield code="2">22</subfield>
  </datafield>
  <datafield tag="084" ind1=" " ind2=" ">
    <subfield code="a">Pci/DR</subfield>
    <subfield code="2">kssb/7</subfield>
  </datafield>
  <datafield tag="084" ind1=" " ind2=" ">
    <subfield code="a">Pcid/DR</subfield>
    <subfield code="2">kssb/7</subfield>
  </datafield>
  <datafield tag="084" ind1=" " ind2=" ">
    <subfield code="a">Pcig/DR</subfield>
    <subfield code="2">kssb/7</subfield>
  </datafield>
  <datafield tag="084" ind1=" " ind2=" ">
    <subfield code="a">Pci</subfield>
    <subfield code="2">kssb/7</subfield>
  </datafield>
  <datafield tag="084" ind1=" " ind2=" ">
    <subfield code="a">Pcid</subfield>
    <subfield code="2">kssb/7</subfield>
  </datafield>
  <datafield tag="084" ind1=" " ind2=" ">
    <subfield code="a">Pcig</subfield>
    <subfield code="2">kssb/7</subfield>
  </datafield>
  <datafield tag="100" ind1="1" ind2=" ">
    <subfield code="a">Ohring, Milton,</subfield>
    <subfield code="d">1936-</subfield>
    <subfield code="0">https://libris.kb.se/hftwzjk12p2vfjk#it</subfield>
  </datafield>
  <datafield tag="245" ind1="1" ind2="0">
    <subfield code="a">Materials science of thin films</subfield>
    <subfield code="b">deposition and structure /</subfield>
    <subfield code="c">Milton Ohring.</subfield>
  </datafield>
  <datafield tag="250" ind1=" " ind2=" ">
    <subfield code="a">2. ed.</subfield>
  </datafield>
  <datafield tag="264" ind1=" " ind2="1">
    <subfield code="a">San Diego, CA :</subfield>
    <subfield code="b">Academic Press,</subfield>
    <subfield code="c">2002</subfield>
  </datafield>
  <datafield tag="300" ind1=" " ind2=" ">
    <subfield code="a">xxi, 794 p.</subfield>
    <subfield code="b">ill.</subfield>
    <subfield code="c">24 cm.</subfield>
  </datafield>
  <datafield tag="504" ind1=" " ind2=" ">
    <subfield code="a">Includes bibliographical references and index.</subfield>
  </datafield>
  <datafield tag="505" ind1="8" ind2=" ">
    <subfield code="a">A review of materials science -- Vacuum science and technology -- Thin-film evaporation processes -- Discharges, plasmas, and ion-surface interactions -- Plasma and ion beam processing of thin films -- Chamical vapor deposition -- Substrate surfaces and thin-film nucleation -- Epitaxy -- Film structure -- Characterixation of thin films and surfaces -- Interdiffusion, reactions, and transformations in thin films -- Mechanical properties of thin films.</subfield>
  </datafield>
  <datafield tag="533" ind1=" " ind2=" ">
    <subfield code="a">Electronic reproduction.</subfield>
    <subfield code="b">Amsterdam, The Netherlands</subfield>
    <subfield code="c">Elsevier</subfield>
    <subfield code="d">2006.</subfield>
  </datafield>
  <datafield tag="650" ind1=" " ind2="0">
    <subfield code="a">Thin films.</subfield>
  </datafield>
  <datafield tag="710" ind1="2" ind2=" ">
    <subfield code="a">Elsevier Science Publishers.</subfield>
  </datafield>
  <datafield tag="776" ind1="0" ind2="8">
    <subfield code="i">Print:</subfield>
    <subfield code="a">Ohring, Milton,</subfield>
    <subfield code="t">Materials science of thin films</subfield>
    <subfield code="d">1992</subfield>
    <subfield code="z">0125249756</subfield>
  </datafield>
  <datafield tag="856" ind1="4" ind2="0">
    <subfield code="u">https://miman.bib.bth.se/login?url=https://ebookcentral.proquest.com/lib/bthbib-ebooks/detail.action?docID=294629</subfield>
    <subfield code="z">Online access for BTH</subfield>
    <subfield code="z">Ebook Central All Subscribed Titles</subfield>
  </datafield>
  <datafield tag="856" ind1="4" ind2="0">
    <subfield code="u">https://learning.oreilly.com/library/view/~/9780125249751/?ar</subfield>
    <subfield code="z">Online access for BTH</subfield>
    <subfield code="z">O'Reilly Online Learning: Academic/Public Library Edition</subfield>
  </datafield>
  <datafield tag="856" ind1="4" ind2="0">
    <subfield code="u">http://sfxeu11.hosted.exlibrisgroup.com/sfxgub?url_ver=Z39.88-2004&amp;ctx_ver=Z39.88-2004&amp;ctx_enc=info:ofi/enc:UTF-8&amp;rfr_id=info:sid/sfxit.com:opac_856&amp;url_ctx_fmt=info:ofi/fmt:kev:mtx:ctx&amp;sfx.ignore_date_threshold=1&amp;rft.object_id=111087026778674&amp;svc_val_fmt=info:ofi/fmt:kev:mtx:sch_svc&amp;</subfield>
    <subfield code="z">Tillg&#xFFFD;nglig f&#xFFFD;r G&#xFFFD;teborgs universitet / Online access for the University of Gothenburg</subfield>
    <subfield code="z">Knovel Complete Academic:Full Text</subfield>
    <subfield code="z">O'Reilly Online Learning: Academic/Public Library Edition:Full Text</subfield>
  </datafield>
  <datafield tag="856" ind1="4" ind2="0">
    <subfield code="u">https://hh.alma.exlibrisgroup.com/openurl/46LIBRIS_HIH_INST/46LIBRIS_HIH_INST:46LIBRIS_HIH_View?u.ignore_date_coverage=true&amp;rft.mms_id=991000789732105936</subfield>
    <subfield code="z">Tillg&#xFFFD;nglig f&#xFFFD;r anv&#xFFFD;ndare inom H&#xFFFD;gskolan i Halmstad</subfield>
    <subfield code="z">fulltext</subfield>
    <subfield code="z">Ebook Central</subfield>
  </datafield>
  <datafield tag="856" ind1="4" ind2="0">
    <subfield code="u">http://link.sub.su.se/sfxsub?url_ver=Z39.88-2004&amp;ctx_ver=Z39.88-2004&amp;ctx_enc=info:ofi/enc:UTF-8&amp;rfr_id=info:sid/sfxit.com:opac_856&amp;url_ctx_fmt=info:ofi/fmt:kev:mtx:ctx&amp;sfx.ignore_date_threshold=1&amp;rft.object_id=111087026778674&amp;svc_val_fmt=info:ofi/fmt:kev:mtx:sch_svc&amp;</subfield>
    <subfield code="z">Tillg&#xFFFD;nglig f&#xFFFD;r anv&#xFFFD;ndare inom Stockholms universitet</subfield>
    <subfield code="z">Ebook Central Academic Complete International Edition:Full Text</subfield>
    <subfield code="z">Elsevier ScienceDirect Books Complete:Full Text</subfield>
  </datafield>
  <datafield tag="856" ind1="4" ind2="0">
    <subfield code="u">https://gslg-hb.primo.exlibrisgroup.com/openurl/46GSLG_BORAS/46GSLG_BORAS:46BORAS_V1?u.ignore_date_coverage=true&amp;rft.mms_id=993444358303662</subfield>
    <subfield code="z">Tillg&#xFFFD;nglig f&#xFFFD;r anv&#xFFFD;ndare inom H&#xFFFD;gskolan i Bor&#xFFFD;s</subfield>
    <subfield code="z">fulltext</subfield>
    <subfield code="z">Ebook Central Academic Complete</subfield>
  </datafield>
  <datafield tag="856" ind1="4" ind2="0">
    <subfield code="u">https://primo.library.ju.se/discovery/openurl?institution=JUL&amp;vid=46JUL_INST:jul?u.ignore_date_coverage=true&amp;rft.mms_id=998217519303831</subfield>
    <subfield code="z">Online access for JON</subfield>
    <subfield code="z">fulltext</subfield>
    <subfield code="z">Ebook Central</subfield>
  </datafield>
  <datafield tag="856" ind1="4" ind2="0">
    <subfield code="u">https://search.ebscohost.com/login.aspx?direct=true&amp;scope=site&amp;db=nlebk&amp;AN=92177</subfield>
    <subfield code="z">Online access for KaU</subfield>
    <subfield code="z">EBSCO eBooks</subfield>
    <subfield code="z">fulltext</subfield>
  </datafield>
  <datafield tag="856" ind1="4" ind2="0">
    <subfield code="u">https://search.ebscohost.com/login.aspx?direct=true&amp;scope=site&amp;db=e000xww&amp;AN=92177</subfield>
    <subfield code="z">Online access for KaU</subfield>
    <subfield code="z">eBook Academic Collection (EBSCOhost) - Worldwide</subfield>
    <subfield code="z">fulltext</subfield>
  </datafield>
  <datafield tag="856" ind1="4" ind2="0">
    <subfield code="u">https://proxy.lib.ltu.se/login?url=https://search.ebscohost.com/login.aspx?direct=true&amp;scope=site&amp;db=e000xww&amp;AN=92177</subfield>
    <subfield code="z">Online access for LTU</subfield>
    <subfield code="z">eBook Academic Collection (EBSCOhost) - Worldwide</subfield>
  </datafield>
  <datafield tag="856" ind1="4" ind2="0">
    <subfield code="u">https://proxy.lib.ltu.se/login?url=https://search.ebscohost.com/login.aspx?direct=true&amp;scope=site&amp;db=nlebk&amp;AN=92177</subfield>
    <subfield code="z">Online access for LTU</subfield>
    <subfield code="z">EBSCO eBooks</subfield>
  </datafield>
  <datafield tag="856" ind1="4" ind2="0">
    <subfield code="u">https://login.e.bibl.liu.se/login?url=https://ebookcentral.proquest.com/lib/linkoping-ebooks/detail.action?docID=294629</subfield>
    <subfield code="z">Extern tillg&#xFFFD;ng endast anst&#xFFFD;llda och studenter vid LiU</subfield>
    <subfield code="z">ProQuest Ebook Central - Academic Complete</subfield>
  </datafield>
  <datafield tag="856" ind1="4" ind2="0">
    <subfield code="u">https://mdh.primo.exlibrisgroup.com/openurl/46MH_INST/46MH_INST:46MH_V1?u.ignore_date_coverage=true&amp;rft.mms_id=991000944295803211</subfield>
    <subfield code="z">Tillg&#xFFFD;nglig f&#xFFFD;r anv&#xFFFD;ndare inom M&#xFFFD;lardalens h&#xFFFD;gskola</subfield>
    <subfield code="z">fulltext</subfield>
    <subfield code="z">Ebook Central Academic Complete</subfield>
  </datafield>
  <datafield tag="856" ind1="4" ind2="0">
    <subfield code="u">https://openurl.oru.se?u.ignore_date_coverage=true&amp;rft.mms_id=999330187203663</subfield>
    <subfield code="z">Tillg&#xFFFD;nglig inom &#xFFFD;rebro universitet och externt f&#xFFFD;r studenter och anst&#xFFFD;llda vid universitetet</subfield>
    <subfield code="z">fulltext</subfield>
    <subfield code="z">Ebook Central Academic Complete</subfield>
  </datafield>
  <datafield tag="856" ind1="4" ind2="0">
    <subfield code="u">https://search.ebscohost.com/login.aspx?direct=true&amp;scope=site&amp;db=e000xww&amp;AN=92177</subfield>
    <subfield code="z">Tillg&#xFFFD;nglig p&#xFFFD; PRV</subfield>
    <subfield code="z">eBook Academic Collection (EBSCOhost) - Worldwide</subfield>
    <subfield code="z">fulltext</subfield>
  </datafield>
  <datafield tag="856" ind1="4" ind2="0">
    <subfield code="u">https://kth-ch.primo.exlibrisgroup.com/openurl/46KTH_INST/46KTH_INST:46KTH_VU1_L?u.ignore_date_coverage=true&amp;rft.mms_id=99348392202456</subfield>
    <subfield code="z">Online access for KTHB</subfield>
    <subfield code="z">fulltext</subfield>
    <subfield code="z">Elsevier eBooks</subfield>
  </datafield>
  <datafield tag="887" ind1=" " ind2=" ">
    <subfield code="a">{"@id":"fxqq1v1r531k2tq","modified":"2016-04-05T13:21:42+02:00"}</subfield>
    <subfield code="2">librisxl</subfield>
  </datafield>
  <datafield tag="887" ind1=" " ind2=" ">
    <subfield code="a">{"@id":"dt99wd2fbkx7tqs4","modified":"2022-09-02T11:05:43.914+02:00"}</subfield>
    <subfield code="2">librisxl</subfield>
  </datafield>
  <datafield tag="887" ind1=" " ind2=" ">
    <subfield code="a">{"@id":"09xb2tnkxb79zx1r","modified":"2023-03-08T08:17:05.766+01:00"}</subfield>
    <subfield code="2">librisxl</subfield>
  </datafield>
  <datafield tag="887" ind1=" " ind2=" ">
    <subfield code="a">{"@id":"fsw287whcm71kbn4","modified":"2022-10-12T08:35:40.471+02:00"}</subfield>
    <subfield code="2">librisxl</subfield>
  </datafield>
  <datafield tag="887" ind1=" " ind2=" ">
    <subfield code="a">{"@id":"x28mg0233pdn1cm","modified":"2022-12-21T08:05:16.79+01:00"}</subfield>
    <subfield code="2">librisxl</subfield>
  </datafield>
  <datafield tag="887" ind1=" " ind2=" ">
    <subfield code="a">{"@id":"4f1fdlm02dj90wl8","modified":"2020-07-04T09:31:31.506+02:00"}</subfield>
    <subfield code="2">librisxl</subfield>
  </datafield>
  <datafield tag="887" ind1=" " ind2=" ">
    <subfield code="a">{"@id":"9tfctxsg7870fmz7","modified":"2024-06-13T08:32:53.601+02:00"}</subfield>
    <subfield code="2">librisxl</subfield>
  </datafield>
  <datafield tag="887" ind1=" " ind2=" ">
    <subfield code="a">{"@id":"m4b7p1n9k53cts8j","modified":"2024-06-15T08:07:25.775+02:00"}</subfield>
    <subfield code="2">librisxl</subfield>
  </datafield>
  <datafield tag="887" ind1=" " ind2=" ">
    <subfield code="a">{"@id":"xdd678qmvg4g1k9c","modified":"2024-02-01T08:19:19.733+01:00"}</subfield>
    <subfield code="2">librisxl</subfield>
  </datafield>
  <datafield tag="887" ind1=" " ind2=" ">
    <subfield code="a">{"@id":"hmvr4gzn00xb3q5","modified":"2024-02-01T08:19:19.682+01:00"}</subfield>
    <subfield code="2">librisxl</subfield>
  </datafield>
  <datafield tag="887" ind1=" " ind2=" ">
    <subfield code="a">{"@id":"bgnc27mh5nvpx62","modified":"2020-08-31T14:44:48.662+02:00"}</subfield>
    <subfield code="2">librisxl</subfield>
  </datafield>
  <datafield tag="887" ind1=" " ind2=" ">
    <subfield code="a">{"@id":"7k5bw8l15sgv92f5","modified":"2022-12-28T08:13:09.019+01:00"}</subfield>
    <subfield code="2">librisxl</subfield>
  </datafield>
  <datafield tag="887" ind1=" " ind2=" ">
    <subfield code="a">{"@id":"n4vm07hplcbh04dq","modified":"2022-11-16T08:38:31.362+01:00"}</subfield>
    <subfield code="2">librisxl</subfield>
  </datafield>
  <datafield tag="887" ind1=" " ind2=" ">
    <subfield code="a">{"@id":"wbj8bmgqtb3f5gq1","modified":"2023-04-12T09:41:29.321+02:00"}</subfield>
    <subfield code="2">librisxl</subfield>
  </datafield>
  <datafield tag="887" ind1=" " ind2=" ">
    <subfield code="a">{"@id":"sx57fttz3fm4vkn","modified":"2024-04-19T08:41:03.181+02:00"}</subfield>
    <subfield code="2">librisxl</subfield>
  </datafield>
  <datafield tag="942" ind1=" " ind2=" ">
    <subfield code="2">ddc</subfield>
    <subfield code="c">BK-EN</subfield>
    <subfield code="n">0</subfield>
  </datafield>
  <datafield tag="999" ind1=" " ind2=" ">
    <subfield code="c">8341</subfield>
    <subfield code="d">8341</subfield>
  </datafield>
  <datafield tag="952" ind1=" " ind2=" ">
    <subfield code="0">0</subfield>
    <subfield code="1">0</subfield>
    <subfield code="2">ddc</subfield>
    <subfield code="4">0</subfield>
    <subfield code="7">0</subfield>
    <subfield code="a">CENTRAL</subfield>
    <subfield code="b">TUWAIQ</subfield>
    <subfield code="d">2025-12-28</subfield>
    <subfield code="l">0</subfield>
    <subfield code="o">621.38152 O42 2002</subfield>
    <subfield code="p">1000000025578</subfield>
    <subfield code="r">2025-12-28 14:34:01</subfield>
    <subfield code="w">2025-12-28</subfield>
    <subfield code="y">BK-EN</subfield>
  </datafield>
</record>
